000 01770nam a22001817a 4500
003 IT-RoPau
005 20220918175938.0
008 130121b xxu||||| |||| 00| 0 eng d
040 _cIT-RoPau
100 _aPapasogli, Giorgio
_9210
245 _aIl beato Timoteo Giaccardo
_bdella Società San Paolo
250 _aI
260 _aCinisello balsamo
_bSSP
_c1989
300 _a317 p. con foto
_c20 cm
490 _aedizioni paoline
_vI
520 _aIndice Presentazione Nota bibliografica LA SUA VITA Capitolo I La veglia tra due secoli Capitolo II Don Alberione incontra <<Pinotu>> Giaccardo Capitolo III Devozione mariana Capitolo IV Gli inizi della Famiglia Paolina Capitolo V Giuseppe Giaccardo entra nella Famiglia Paolina Capitolo VI Professo nella Pia Società San Paolo Capitolo VII Le <<piccole>> vie di Don Alberione Capitolo VIII Brucia la tipografia Capitolo IX Sacerdote di Crsito Capitolo X Il discepolo Timoteo Capitolo XI Lotta contro se stesso Capitolo XII Sviluppo sorprendente dell'Istituto Capitolo XIII I due grandi temi sampaolini: universalismo e unificazione delle scienze Capitolo XIV La teologia del <<Maestro>> e le quattro <<ruote>> paoline Capitolo XV La partenza per Roma Capitolo XVI Costruzione della casa di roma Capitolo XVII Superiore in Casa Madre Capitolo XVIII I gradi dell'amore Capitolo XIX Il vicario generale Capitolo XX Il miracolo per la beatificazione DAI SUOI SCRITTI Il Divino Maestro Maria Santissima, Madre, Maestra e Regina San Paolo, l'Apostolo La pietà La fede La speranza La carità La povertà La castità L'obbedienza L'umiltà, via alla gloria Piccole virtù, segreti di felicità
942 _2ddc
_cBK
999 _c37808
_d37808